Responsabilidad de las potencias: la diplomacia en la búsqueda de la paz

Saved in:
Bibliografiske detaljer
Hovedforfatter: Cleveland, Harlan (Author)
Format: Bog
Sprog:spansk
Udgivet: Ciudad de México Limusa-Wiley S. A 1968
Udgivelse:1a. ed
Fag:
Tags: Tilføj Tag
Ingen Tags, Vær først til at tagge denne postø!

MARC

LEADER 00000cam a2200000 a 4500
001 UCD2939
003 CL-VaPUC
008 160520e19680000mx |||||||||||||||||spa|d
082 0 4 |a 327  |b CLE  |2 21 
100 0 |a Cleveland, Harlan  |e author  |9 586340 
245 1 0 |a Responsabilidad de las potencias: la diplomacia en la búsqueda de la paz 
250 |a 1a. ed 
300 |a 240 p 
942 |c BK 
945 |d 20160520 11:34:00  |a dcastane 
260 |a Ciudad de México  |b Limusa-Wiley S. A  |c 1968 
650 0 |a Relaciones Internacionales  |9 255740 
650 0 |a Paz  |9 259242 
650 0 |a Diplomacia  |9 256483 
583 |a last modification  |c 20160520 11:34:00  |k Rodrigo Vera 
999 |c 364048  |d 364046 
952 |0 0  |1 0  |3 erb  |4 0  |6 327_000000000000000_CLE_1968  |7 0  |8 A  |9 476960  |a FDOHBE  |b FDOHBE  |e Huesbe Llanos, Marco Antonio, 1934-  |i 5304326  |o 327 CLE 1968  |p 5304326  |r 2024-01-30  |w 2019-11-24  |y BK  |z Catalogado en:20160520  |k HBE